Central Library OPAC University of Rajshahi

‏مآخذ قصص و تمثىلات مثنوى ;; Maʼākhiz̲-i qiṣaṣ va tams̲īlāt-i Mas̲navī / (Record no. 82488)

MARC details
000 -LEADER
fixed length control field 01088cam a22002531a 4500
001 - CONTROL NUMBER
control field 82488
003 - CONTROL NUMBER IDENTIFIER
rucl marc code BD-RjUL
005 - DATE AND TIME OF LATEST TRANSACTION
control field 20231218113534.0
008 - FIXED-LENGTH DATA ELEMENTS--GENERAL INFORMATION
fixed length control field 831209s1969 ir 000 0 per d
035 ## - SYSTEM CONTROL NUMBER
System control number (BD-RjUL)82488
040 ## - CATALOGING SOURCE
Original cataloging agency CGU
Language of cataloging eng
Transcribing agency CGU
Modifying agency OCLCO
-- DLC
041 ## - LANGUAGE CODE
Language code of text/sound track or separate title per
082 ## - DEWEY DECIMAL CLASSIFICATION NUMBER
Edition number 23
Classification number 891.551
Author mark and year FAM 1969
100 ## - MAIN ENTRY--PERSONAL NAME
Personal name ‏فروزانفر، بدىع الزمان. ;; Furūzānfar, Badīʻ al-Zamān
9 (RLIN) 10581
245 10 - TITLE STATEMENT
Title ‏مآخذ قصص و تمثىلات مثنوى ;; Maʼākhiz̲-i qiṣaṣ va tams̲īlāt-i Mas̲navī /
Statement of responsibility, etc. ‏تأليف بدىع الزمان فروزانفر. ;; taʼlīf-i Badīʻ al-Zamān Furūzānfar.
250 ## - EDITION STATEMENT
Edition statement Chāp-i 2.
260 ## - PUBLICATION, DISTRIBUTION, ETC. (IMPRINT)
Place of publication, distribution, etc. [Tihrān] :
Name of publisher, distributor, etc. [Amīr Kabīr],
Date of publication, distribution, etc. [1347 i.e. 1969]
300 ## - PHYSICAL DESCRIPTION
Pagination 4, 265 pages ;
Size 25 cm
490 ## - SERIES STATEMENT
Series statement انتشارات دانشگاه تهران ;
Volume/sequential designation 214
600 00 - SUBJECT ADDED ENTRY--PERSONAL NAME
Personal name Jalāl al-Dīn Rūmī,جلال الدىن رومى،.‏
Titles and other words associated with a name Maulana,
Dates associated with a name 1207-1273.
Title of a work Mas̲navī.‏مثنوى.
830 ## - SERIES ADDED ENTRY--UNIFORM TITLE
Uniform title ; انتشارات دانشگاه تهران
Volume number/sequential designation 214
942 ## - ADDED ENTRY ELEMENTS (KOHA)
Source of classification or shelving scheme Dewey Decimal Classification
Koha item type Books
Holdings
Lost status Source of classification or shelving scheme Damaged status Not for loan Collection code Permanent Location Current Location Shelving location Date acquired Total Checkouts Full call number Date last seen Copy number Koha item type
  Dewey Decimal Classification   Not For Loan Non-fiction Central Library, University of Rajshahi Central Library, University of Rajshahi Reading Room 18/12/2023   F 891.551 FAM 1969 18/12/2023 C-1 Books